Del pensar Venezolano

Uloženo v:
Podrobná bibliografie
Hlavní autor: Granell Muñiz, Manuel (Autor)
Médium: Kniha
Jazyk:španělština
Vydáno: Caracas UNESCO 2000
Caracas IESALC 2000
Vydání:2a. ed
Témata:
Tagy: Přidat tag
Žádné tagy, Buďte první, kdo vytvoří štítek k tomuto záznamu!

MARC

LEADER 00000nam a2200000 a 4500
001 UCG6385
003 CL-VaPUC
008 110421e20000500ve |||||||||||||||||spa|d
020 |a 9291430544 
082 0 4 |a 199.87  |b GRA  |2 21 
100 |a Granell Muñiz, Manuel  |e author  |9 556557 
245 1 0 |a Del pensar Venezolano 
250 |a 2a. ed 
300 |a 294 p 
942 |c BK 
945 |d 20110421 00:00:00  |a jcampos 
260 |a Caracas  |b UNESCO  |c 2000 
260 |a Caracas  |b IESALC  |c 2000 
650 0 |a Filosofía de la educación   |9 258384 
650 0 |a Reforma educacional   |9 256319 
650 0 |a Intelectuales  |9 262027 
651 0 |a Venezuela  |9 254993 
583 |a last modification  |c 20171220 10:38:29  |k Rodrigo Vera 
999 |c 344638  |d 344636 
952 |0 0  |1 0  |4 0  |6 199_870000000000000_GRA_2000_2000  |7 0  |8 A  |9 442711  |a BIBEDU  |b BIBEDU  |d 2019-11-22  |i 4733347  |o 199.87 GRA 2000 2000  |p 4733347  |r 2019-11-22  |w 2019-11-22  |y BK  |k BME